| 000 | 00892cam a2200265 a 4500 | ||
|---|---|---|---|
| 001 | 1441814 | ||
| 003 | ARRUPE | ||
| 005 | 20141210134018.0 | ||
| 008 | 850404s1985 miu b 001 0beng | ||
| 010 | _a 85007884 | ||
| 020 | _a0879078863 | ||
| 040 |
_aDLC _cDLC _dDLC |
||
| 050 | 0 | 0 |
_aBX4705.R3 _bK73 1985 |
| 082 | 0 | 0 |
_a271.125/024 _aB _219 |
| 100 | 1 |
_aKrailsheimer, A. J. _913241 |
|
| 245 | 1 | 0 |
_aRancé and the Trappist legacy / _cby A.J. Krailsheimer. |
| 260 |
_aKalamazoo, Mich. : _bCistercian Publications, _c1985. |
||
| 300 |
_aix, 151 p. ; _c23 cm. |
||
| 440 | 0 |
_aCistercian studies series ; _vno. 86 _913242 |
|
| 504 | _aIncludes bibliographical references and index. | ||
| 600 | 1 | 0 |
_aRancé, Armand Jean Le Bouthillier de, _d1626-1700. _913237 |
| 610 | 2 | 0 |
_aTrappists _zFrance _xBiography. _913243 |
| 906 |
_a7 _bcbc _corignew _d1 _eocip _f19 _gy-gencatlg |
||
| 942 |
_2lcc _cMONOGRAPH |
||
| 999 |
_c121446 _d121446 |
||